Brunner & Suddarth's textbook of medical-surgical nursing / (Record no. 8283)

MARC details
000 -LEADER
fixed length control field 01760cam a22002414i 4500
020 ## - INTERNATIONAL STANDARD BOOK NUMBER
ISBN 9781975170646
020 ## - INTERNATIONAL STANDARD BOOK NUMBER
ISBN 1975170644
050 #4 - CALL NUMBER
Classification number RT41
Item number .B83
100 ## - AUTHOR
Personal name Hinkle, Janice L. (Ed.)
245 00 - TITLE
Title Brunner & Suddarth's textbook of medical-surgical nursing /
Statement of responsibility, etc [edited by] Janice L. Hinkle, Kerry H. Cheever, & Kristen J. Overbaugh
250 ## - EDITION
Edition statement 15th edition.
250 ## - EDITION
Edition statement International edition.
260 ## - PUBLICATION INFORMATION
Place of publication Philadelphia :
Name of publisher Wolters Kluwer,
Year of publication 2022
300 ## - DESCRIPTION
Number of Pages lxiv, 2212, 64 pages :
Other physical details illustrations (colour) ;
Dimensions 29 cm.
500 ## - NOTES
General note Previous edition: 2014.
500 ## - NOTES
General note Includes an Internet access code on inside front cover.
505 ## - FORMATTED CONTENTS NOTE
Table of Content Unit 1. Basic concepts in nursing --<br/>Unit 2. Biophysical and psychological concepts in nursing practice --<br/>Unit 3. Concepts and challenges in patient management --<br/>Unit 4. Perioperative concepts and nursing management --<br/>Unit 5. Gas exchange and respiratory function --<br/>Unit 6. Cardiovascular and circulatory function --<br/>Unit 7. Hematological function --<br/>Unit 8. Immunologic function --<br/>Unit 9. Musculoskeletal function --<br/>Unit 10. Digestive and gastrointestinal function --<br/>Unit 11. Metabolic and endocrine function --<br/>Unit 12. Kidney and urinary tract function --<br/>Unit 13. Reproductive function --<br/>Unit 14. Integumentary function --<br/>Unit 15. Sensory function --<br/>Unit 16. Neurologic function --<br/>Unit 17. Acute community based challenges. Health care delivery and evidence-based nursing practice --<br/>Community-based nursing practice --<br/>Critical thinking, ethical decision making and the nursing process --<br/>Health education and promotion --
650 #0 - SUBJECTS
Topical Term Nursing.
650 #0 - SUBJECTS
Topical Term Surgical nursing.
700 1# - OTHER AUTHORS
Personal name Cheever, Kerry H.
700 1# - OTHER AUTHORS
Personal name Overbaugh, Kristen J.
942 ## - ADDED ENTRY ELEMENTS (KOHA)
Koha item type Books
Holdings
Withdrawn status Lost status Collection code Home library Current library Shelving location Date acquired Source of acquisition Cost, normal purchase price Full call number Accession Number Koha item type
    Reference Methodist University Library Main Methodist University Library Main General Stacks 27/06/2022 UG Bookshop 840.00 RT41 .B83 8755 Books
    Reference Methodist University Library Tema Methodist University Library Tema General Stacks 27/06/2022 UG Bookshop 840.00 RT41 .B83 8754 Books
    Reference Methodist University Library Tema Methodist University Library Tema General Stacks 27/06/2022 UG Bookshop 840.00 RT41 .B83 8756 Books
Copyright © 2026  MUG Library